000 00316nam a22001337a 4500
020 _qPB.
040 _cFIZZA ISHAQ
082 _a025.524
_bBUT
100 _aBUTTCHER, STEFAN.
_989865
245 _aINFORMATION RETRIEVAL /
_cSTEFAN BUTTCHER.
260 _bMIT PRESS,
_c2016.
300 _a606 P. ;
942 _2ddc
_cBK
999 _c588367
_d588367